| 000 | 00710nam a22002537i 4500 | ||
|---|---|---|---|
| 003 | DO-SdBNP | ||
| 005 | 20250521092441.0 | ||
| 007 | ta | ||
| 008 | 250521b2024 |||||||| |||| 00| 0 spa d | ||
| 020 | _a9789945947601 | ||
| 040 |
_aDO-SdBNP _bspa _cBNPHU _erda |
||
| 041 | _hspa | ||
| 082 |
_axxx _bM863c _222 |
||
| 100 | 1 |
_aMorla Báez, Elbi _eautor _926834 |
|
| 245 | 0 |
_aConteo de Carbohidratos / _cElbi Morla Báez |
|
| 264 |
_aSanto Domingo : _bBuho, _c2024. |
||
| 300 |
_a27 páginas : _bilustraciones ; _c29 cm |
||
| 336 |
_ardacontent _btexto _2txt |
||
| 337 |
_ardamedia _bsin mediación _2n |
||
| 338 |
_ardacarrier _bvolumen _2nc |
||
| 590 | _aInventariado, 2025/DG | ||
| 910 | _aDG | ||
| 942 |
_2ddc _cLBS1 |
||
| 999 |
_c58373 _d58373 |
||